| 000 | nam a22 a 4500 | ||
|---|---|---|---|
| 999 |
_c3107 _d3107 |
||
| 003 | AKMAL | ||
| 005 | 20170519113413.0 | ||
| 008 | 170519s2002 my 00 may d | ||
| 020 |
_a967656950X (kkt.): _cRM14.00 |
||
| 039 | 9 |
_a200501051120 _bnormila _c200501051119 _dnormila |
|
| 040 | _aAKMAL | ||
| 082 | 0 | 4 |
_a658.3 MUM _221 |
| 090 | 0 | 0 |
_a658.3 _bMUM |
| 100 | 0 |
_aMumtaz Begam Abdul Kadir _96436 |
|
| 245 | 1 | 0 |
_aKualiti dalam pengurusan sumber manusia / _cMumtaz Begam Hj. Abdul Kadir, Norasiken Bakar, Norhayatee Ismail |
| 260 |
_aShah Alam : _bPenerbit Fajar Bakti, _c2002 |
||
| 300 | 0 | 0 |
_a278ms. : _bil. ; _c23cm |
| 500 | _aMengandungi indeks | ||
| 504 | _aBibliografi: ms. [265]-266 | ||
| 650 | 0 |
_aPersonnel management _9602 |
|
| 650 | 0 |
_aTotal quality management _9541 |
|
| 700 | 0 |
_aNorasiken Bakar _96437 |
|
| 700 | 0 |
_aNorhayatee Ismail _96438 |
|
| 942 |
_2ddc _cBOOK |
||